Sports Quiz

Random Sports or Numbers Quiz

Colleges with most Super Bowl wins by QB Quiz Stats

 Plays Quiz not verified by Sporcle

Challenge
Share
Tweet
Embed
Score 0/21 Timer 08:00
0 Plays Today
Number of wins College % Correct
3Michigan
89.7%
5Notre Dame
84.8%
4Alabama
82.2%
4Stanford
77.1%
4Purdue
76.9%
1Tennessee
76.9%
3UCLA
75.7%
1Mississippi
70.6%
2BYU
66.9%
1Florida State
58.2%
2Navy
57%
Number of wins College % Correct
2Miami, Ohio
53.5%
1Southern Mississippi
48.1%
1Louisville or Michigan State
46.4%
4Louisiana Tech
44.4%
1Washington State
39.6%
1Northern Iowa
37.1%
1Grambling
31.4%
1West Virginia
28%
1Fresno State
27%
1Morehead State
22.3%

You're not logged in!

Compare scores with friends on all Sporcle quizzes.
Join for Free
OR
Log In

You Might Also Like...

Show Comments

Extras

Top Quizzes Today


Score Distribution

Your Account Isn't Verified!

In order to create a playlist on Sporcle, you need to verify the email address you used during registration. Go to your Sporcle Settings to finish the process.

Report this User

Report this user for behavior that violates our Community Guidelines.

Details: